000 00564nam a2200157Ia 4500
008 090124s9999 xx 000 0 und d
082 _b36981
245 _a व्यावहारिक मराठी
250 _a1
260 _bस्नेहवर्धन प्रकाशन
_c1998
300 _a128
630 _a व्यावहारिक मराठी
700 _aतावरे डॉ. स्नेहल आणि दातार डॉ. आरती
730 _a व्यावहारिक मराठी
942 _cBOOK
999 _c102954
_d102954